Management: tasks, responsibilities practices (Record no. 82484)

MARC details
000 -LEADER
fixed length control field 00969nam a2200181 a 4500
008 - FIXED-LENGTH DATA ELEMENTS--GENERAL INFORMATION
fixed length control field 120416s1974 ||||||||||||||||| || u
050 ## - LIBRARY OF CONGRESS CALL NUMBER
Classification number HD 31 Dru
100 ## - MAIN ENTRY--PERSONAL NAME
Personal name Drucker, Peter F
245 10 - TITLE STATEMENT
Title Management: tasks, responsibilities practices
260 ## - PUBLICATION, DISTRIBUTION, ETC.
Place of publication, distribution, etc. London:
Name of publisher, distributor, etc. Heinemann
Date of publication, distribution, etc. 1974
350 ## -
-- 0.00
650 #0 - SUBJECT ADDED ENTRY--TOPICAL TERM
Topical term or geographic name entry element MANAGEMENT
650 ## - SUBJECT ADDED ENTRY--TOPICAL TERM
Topical term or geographic name entry element MANAGEMENT--TASKS
995 ## -
-- BINDERY (DAMAGED)
-- 0.00
-- 723373
-- CBU-MAIN LIBRARY (Kitwe)
-- 1
-- 0.00
-- HD 31 Dru
-- 1
-- DAMAGED
-- 000434
-- Main Library Open Access Collection
995 ## -
-- MAIN LIBRARY OPEN ACCESS
-- 0.00
-- 702830
-- CBU-MAIN LIBRARY (Kitwe)
-- 7
-- 0.00
-- HD 31 Dru
-- 4
-- LOST
-- 702830
-- Main Library Open Access Collection
995 ## -
-- BINDERY (DAMAGED)
-- 0.00
-- 705498
-- CBU-MAIN LIBRARY (Kitwe)
-- 4
-- 0.00
-- HD 31 Dru
-- 3
-- DAMAGED
-- 026833
-- Main Library Open Access Collection
995 ## -
-- MAIN LIBRARY OPEN ACCESS
-- 0.00
-- 700184
-- CBU-MAIN LIBRARY (Kitwe)
-- 2
-- 0.00
-- HD 31 Dru
-- 2
-- AVAILABLE
-- 021804
-- Main Library Open Access Collection
999 ## -
-- 82484
-- 82484
Holdings
Withdrawn status Lost status Source of classification or shelving scheme Damaged status Not for loan Permanent Location Current Location Shelving location Date acquired Total Checkouts Full call number Barcode Date last seen Copy number Price effective from Koha item type Date last checked out
          CBU-MAIN LIBRARY, KITWE. CBU-MAIN LIBRARY, KITWE.   09/29/2023   HD 31 Dru 000434 09/29/2023 1 09/29/2023 MONOGRAPH  
          CBU-MAIN LIBRARY, KITWE. CBU-MAIN LIBRARY, KITWE.   09/29/2023   HD 31 Dru 702830 09/29/2023 2 09/29/2023 MONOGRAPH  
          CBU-MAIN LIBRARY, KITWE. CBU-MAIN LIBRARY, KITWE.   09/29/2023   HD 31 Dru 026833 09/29/2023 3 09/29/2023 MONOGRAPH  
          CBU-MAIN LIBRARY, KITWE. CBU-MAIN LIBRARY, KITWE.   09/29/2023 1 HD 31 Dru 021804 01/30/2025 4 09/29/2023 MONOGRAPH 01/16/2025